Vista normal Vista MARC

Entrada Corporate Name

Número de registros utilizados en: 8

001 - CONTROL NUMBER

  • control field: 2169

003 - CONTROL NUMBER IDENTIFIER

  • control field: OSt

005 - DATE AND TIME OF LATEST TRANSACTION

  • control field: 20200330130424.0

008 - FIXED-LENGTH DATA ELEMENTS

  • fixed length control field: 200330|| aca||aabn | a|a d

040 ## - CATALOGING SOURCE

  • Original cataloging agency: OSt
  • Transcribing agency: OSt

110 ## - HEADING--CORPORATE NAME

  • Corporate name or jurisdiction name as entry element: Instituto Colombiano de normas técnicas y certificación

670 ## - SOURCE DATA FOUND

  • Source citation: Work cat.: (OSt)4913: Instituto Colombiano de normas técnicas y certificación autor, Norma técnica colombiana NTC 5313 :